000 00392nam a2200145Ia 4500
008 100122s9999 xx 000 0 und d
082 _b17658
_a823
100 _aआपटे ह ना
245 _aमायेचा बाजार
260 _c1929
300 _a387
630 _aमायेचा बाजार
730 _aमायेचा बाजार
942 _cBOOK
999 _c407304
_d407301